Najpopularniejsze kanały telewizyjne - Statystyki

Ogólne statystyki
  • Ten quiz został rozwiązany 294 razy
  • Średni wynik to 8 z 15
Statystyki odpowiedzi
Hint Odpowiedź % Poprawnych
P Polsat
98%
T TVN
94%
T TVP1
91%
T TVP2
91%
T TVPinfo
51%
T TTV
50%
T TVN7
50%
T TVN24
41%
T TV Puls
40%
T TV4
38%
P Puls 2
37%
E ESKA
32%
T TVP ABC
30%
W WP
25%
P Polo TV
17%
Nie znaleziono quizów pasujących do podanych kryteriów
Rozkład punktacji
Procent ludzi z każdym wynikiem
Percentyl według liczby udzielonych odpowiedzi
Twoja historia wyników
Nie rozwiązałeś tego quizu